000 00534nam a2200205Ia 4500
005 20250505145718.0
008 008 250505s9999 xx 000 0 eng d
037 _aTextbook
040 _aFML
_bhin
_cFML
041 _ahin
_2hin
084 _aNR44v R4
_qFML
100 _aJoshi , Umesh
245 0 _aBhartiya Sangeet ka Itihas
260 _aDelhi
_bKalpana Prakashan
_c2024
300 _a589p
365 _aINR
_b1495
650 _aMusic
942 _cTB
_hNR44v R4
999 _c1311547
_d1311547